MDQL
is popping MORE tags! Check the
thread
!
Quizzes
Events
Quiz Creation
Community
Videos
Private Events
Remove Ads
Sign In
Join for FREE
Feedback
Dark Mode
Quiz Categories
Sports
Geography
Music
Movies
Television
Just For Fun
Miscellaneous
History
Literature
Language
Science
Gaming
Entertainment
Religion
Holiday
For Kids
Quiz Lab
Recent
Popular Today
Quiz Kudos Today
Editor Picks
Curator Picks
Quizzes by...
Day
Popularity
Type
Ratings
Length
Year
Community
Subscriptions
Recent Discussions
Orange Saloon
Badges
Playlists
Quests
Create
Leaderboards
Showdown
Live 5
Trivia Bingo
Activity
Puzzle Library
Sporcle Events
Private Events
Virtual Trivia
Globe League
Become a Host
Pub Owners
SporcleCon
Opinionation
Our Games
Videos
Blog
Mobile Apps
Partnerships
Remove Ads and Go Orange
Feedback
Sports
Athletes
MLB
NBA
NHL
NFL
Soccer
Sports Teams
WWE
NCAA
Football
Premier League
Basketball
Baseball
Hockey
Golf
Tennis
Cricket
Rugby
Auto Racing
Olympics
World Cup
Sports
Athletes
MLB
NBA
NHL
NFL
Soccer
Sports Teams
WWE
NCAA
Football
Premier League
Basketball
Baseball
Hockey
Golf
Tennis
Cricket
Rugby
Auto Racing
Olympics
World Cup
Random Quiz
Search Sporcle
×
Quiz Lab
Quiz Lab
Sports
Arsenal
Type in answers that appear in a list
Type in answers that appear in a list
Classic
Best Score? Go Orange.
Name Nationalities of Arsenal Squad 2011-12 Stats
Can you name the Name Nationalities of Arsenal Squad 2011-12?
By
Jacobsp
5m
29 Questions
105 Plays
105 Plays
105 Plays
Comments
Comments
Give Quiz Kudos
Give Quiz Kudos
-
- Ratings
hide this ad
Forced Order
Answers have to be entered in order
Answers have to be entered in order
Replay
Link that replays current quiz
Next Quiz
Link to next quiz in quiz playlist
You Got
0%
They Got
Avg Score
65%
Avg Friend Score
Upgrade to see
Score Distribution
Jump to the score distribution portion of the page
Score
0/29
Timer
05:00
0
Plays Today
Shirt No. and Position
Nationality
% Correct
2 Midfield
French
95.2%
3 Defence
French
92.4%
1 Goalkeeper
Spanish
87.6%
4 Defence
German
87.6%
6 Defence
French
84.8%
10 Strike
Dutch
83.8%
13 Goalkeeper
Polish
83.8%
14 Midfield
English
81.9%
8 Midfield
Spanish
79%
7 Midfield
Czech
78.1%
5 Defence
Belgian
76.2%
16 Midfield
Welsh
74.3%
11 Defence
Brazilian
72.4%
19 Midfield
English
71.4%
21 Goalkeeper
Polish
70.5%
Shirt No. and Position
Nationality
% Correct
15 Midfield
English
69.5%
18 Defence
French
65.7%
24 Goalkeeper
Italian
62.9%
23 Midfield
Russian
60%
9 Strike
South Korean
59%
20 Defence
Swiss
55.2%
28 Defence
English
55.2%
17 Midfield
Cameroonian
51.4%
29 Strike
Moroccan
51.4%
27 Midfield
Ivorian
39%
25 Defence
Finnish
38.1%
30 Midfield
Israeli
34.3%
26 Midfield
Ghanaian
23.8%
31 Strike
Japanese
21.9%
Quiz Playlist
Details
Report
Send in Message
Add To Playlist
Classic:
Type in answers that appear in a list
Forced Order:
Answers have to be entered in order
Last Updated: Feb 16, 2017
Quiz Scoreboard
CHALLENGE
Sign Up to Join the Scoreboard
Show All
Scores
Hide
Comments
May contain spoilers
Recently Published
Two Season TV Shows II
by 123Four
Television
10m
Image Sorting: Flags VI
by Barbecue
Geography
2m
Find the 'City' Movie
by crazypaving
Movies
60s
More to Explore
Quiz From the Vault
Featured Blog Post
14 Easter Pick-up Lines to Find Eggs With
hide this ad
You Might Also Like...
Tags
Arsenal
Today's Top Quizzes in Sports
Browse Sports
hide this ad
Today's Top Quizzes in Arsenal
Browse Arsenal
Top Contributed Quizzes in Sports
1
Les meilleurs buteurs des matchs entre le PSG et l’OM
2
Les entraîneurs de l'OM et du PSG au 21e siècle
3
2022 World Cup Stars
4
Les joueurs passés par le PSG et l'OM
5
Players with Multiple 50 Home Run Seasons
6
FIFA Club World Cup Champions
7
Criteria MLB: Left Handed Sluggers
8
Les joueurs passés par le LOSC et le RC Lens
9
Top 10 NHL Goal Scorers of All Time
10
NBA Logic Puzzle 2.0
Explore More
Trending Topics
Kpop
Harry Potter
Anime
Disney
Marvel
NBA
Crossword
Soccer
Country
WWE
NFL
Puzzle
Pokémon
The Office
Song
hide this ad
More By:
Jacobsp
Quiz
Plays
Rating
Category
Featured
Created
Nationalities of Manchester United Squad 2011-12
311
3.25
Sports
Dec 16, 2011
Nationalities of Chelsea Squad 2011-12
187
4.50
Sports
Dec 14, 2011
Premier League Stadiums 2011-12
139
4.00
Sports
Dec 18, 2011
Nationalities of Tottenham Squad 2011-12
119
2.00
Sports
Dec 17, 2011
Premier League Appearances by Club
110
2.50
Sports
Dec 8, 2011
Go to Creator's Profile
Score Distribution
Quiz Creator Spotlight
Jacobsp
Follow
Send a Message
Quizzes Created
-
Created Quiz Play Count
-
More By This Creator
Popular Quizzes Today
1
Find the US States - No Outlines Minefield
2
Colored Red Africa Blitz
3
Find the 'City' Movie
4
5x2 Blitz: Bands
5
The Countries of the World
6
Find the Countries of Europe - No Outlines Minefield
7
Find the US States
8
US States
More Sports Quizzes
Baseball Player by Statue
Published
Trending Quizzes
Colored Red Europe Blitz I
Colored Red Africa Blitz II
Colored Red Europe Blitz II
Colored Red Africa Blitz III
Even More Two Season TV Shows
Recently Updated
March Madness Men's Triple Doubles
pecheneg
How Do You Spell That?
pecheneg
Godzilla Movies
pecheneg
Grab Bag: 4-10 Letters
pecheneg
2024 March Madness Bracket
pecheneg
Famous TV Couples
Peacemaker
Champions League XIs: Real Madrid
pecheneg
Largest US Cities 1790-2010
pecheneg
Rides in Walt Disney World
pecheneg
Most Oscar Losses (Acting)
pecheneg
Trending Topics
Disney
Marvel
Kpop
Anime
NBA
Crossword
Harry Potter
The Office
Soccer
NFL
Country
WWE
Pokémon
Song
Puzzle
Your Account Isn't Verified!
In order to create a playlist on Sporcle, you need to verify the email address you used during registration. Go to your
Sporcle Settings
to finish the process.
Report this User
Report this user for behavior that violates our
Community Guidelines
.
Details:
Send Report
Go to the Sporcle.com Mobile Site →
Comments